[Event "Leamington Spa 4NCL op-C 28th"]
[Site "Leamington Spa"]
[Date "2022.07.09"]
[Round "3"]
[White "Walker, Heather Enid"]
[Black "Wright, George A"]
[Result "1/2-1/2"]
[WhiteElo "1184"]
[BlackElo "1407"]
[PlyCount "139"]
[EventDate "2022.07.08"]
[EventType "swiss"]
[EventRounds "5"]
[EventCountry "ENG"]
[SourceTitle "CBM 209 Extra"]
[Source "ChessBase"]
[SourceDate "2022.09.30"]
[SourceVersion "1"]
[SourceVersionDate "2022.09.30"]
[SourceQuality "1"]

1. e4 c6 2. d4 d5 3. exd5 cxd5 4. c4 Nf6 5. Nf3 e6 6. Nc3 Be7 7. Be2 0-0 8. 0-0 b6 9. Ne5 Bb7 10. a3 Qc7 11. Nb5 Qd8 12. Bf4 Na6 13. Rc1 Rc8 14. Nxa7 Rc7 15. Nb5 Rc8 16. b4 Ne4 17. Nc3 Bg5 18. Bxg5 Nxg5 19. Qd3 f6 20. Nf3 dxc4 21. Qe3 Re8 22. b5 Nb8 23. h4 Nxf3+ 24. Bxf3 Bxf3 25. Qxf3 Qxd4 26. h5 Qh4 27. Ne4 Rf8 28. Qe2 f5 29. Nd6 Qf6 30. Nxc8 Rxc8 31. Rxc4 Rd8 32. Qe3 Nd7 33. Rd1 f4 34. Qxf4 e5 35. Qxf6 gxf6 36. h6 Kf7 37. Rg4 Ke6 38. f3 Ra8 39. a4 Nc5 40. Rg7 Rh8 41. Ra1 Nb3 42. Ra3 Na5 43. Kf2 Nc4 44. Ra2 Kf5 45. g3 e4 46. fxe4+ Kxe4 47. Ke2 Re8 48. Kf2 Rh8 49. Rg4+ Kd5 50. Rf4 Rf8 51. Rf5+ Ne5 52. a5 Ke4 53. Rf4+ Kd5 54. Rd2+ Kc5 55. axb6 Kxb6 56. Rd6+ Kxb5 57. Ke2 Kc5 58. Rdxf6 Rxf6 59. Rxf6 Ng4 60. Kf3 Nxf6 61. Kf4 Nh5+ 62. Kg4 Nxg3 63. Kxg3 Kd6 64. Kf4 Ke6 65. Kg5 Ke5 66. Kg4 Kf6 67. Kh5 Kf5 68. Kh4 Kg6 69. Kg4 Kxh6 70. Kh4 1/2-1/2

[Event "Daventry 4NCL Easter op-C 2nd"]
[Site "Daventry"]
[Date "2022.04.16"]
[Round "2"]
[White "Dargue, Peter W"]
[Black "Wright, George A"]
[Result "1/2-1/2"]
[WhiteElo "1410"]
[BlackElo "1522"]
[PlyCount "106"]
[EventDate "2022.04.15"]
[EventType "swiss"]
[EventRounds "7"]
[EventCountry "ENG"]
[SourceTitle "CBM 207 Extra"]
[Source "ChessBase"]
[SourceDate "2022.05.31"]
[SourceVersion "1"]
[SourceVersionDate "2022.05.31"]
[SourceQuality "1"]

1. e4 c6 2. d4 d5 3. e5 c5 4. dxc5 e6 5. Be3 Nd7 6. Bb5 a6 7. Ba4 Ne7 8. c3 Nf5 9. Bd4 Be7 10. Nf3 0-0 11. Nbd2 b5 12. cxb6 Nxb6 13. Bc2 Nxd4 14. cxd4 a5 15. a4 Ba6 16. Qb1 h6 17. Bd3 Nc4 18. 0-0 Rb8 19. Nxc4 dxc4 20. Be2 Qc8 21. Qc2 Rb3 22. Nd2 Rb4 23. Rfc1 Bg5 24. h4 Bxh4 25. Bxc4 Bb7 26. Bf1 Bg5 27. Qxc8 Bxc8 28. Rc2 Bb7 29. Nf3 Bxf3 30. gxf3 Rxd4 31. Rc5 Rd5 32. Rxd5 exd5 33. Rd1 Rd8 34. Rd4 Kf8 35. f4 Be7 36. Bg2 Bc5 37. Rxd5 Rxd5 38. Bxd5 Ke7 39. Kg2 f6 40. Kg3 fxe5 41. fxe5 g6 42. f4 Bd4 43. b3 Bc3 44. Kg4 Bd4 45. Be4 g5 46. fxg5 hxg5 47. Kf5 g4 48. Bd5 g3 49. Kf4 Bc3 50. Ke3 Bxe5 51. Kd3 Kd6 52. Kc4 Bc3 53. Bg2 Bd2 1/2-1/2

[Event "Harrogate 4NCL op-C 27th"]
[Site "Harrogate"]
[Date "2022.01.21"]
[Round "1"]
[White "Patterson, Dave"]
[Black "Wright, George A"]
[Result "1-0"]
[WhiteElo "1695"]
[BlackElo "1551"]
[PlyCount "73"]
[EventDate "2022.01.21"]
[EventType "swiss"]
[EventRounds "5"]
[EventCountry "ENG"]
[SourceTitle "CBM 206 Extra"]
[Source "ChessBase"]
[SourceDate "2022.03.31"]
[SourceVersion "1"]
[SourceVersionDate "2022.03.31"]
[SourceQuality "1"]

1. e4 b6 2. d4 Bb7 3. Bd3 e6 4. Nf3 Nf6 5. Qe2 d6 6. h3 Nbd7 7. Bf4 Be7 8. Nbd2 h6 9. e5 Nd5 10. Bg3 a6 11. a3 c5 12. exd6 Bf8 13. Ne5 N5f6 14. Ng6 Rg8 15. Bf5 Ne4 16. Nxe4 Bxe4 17. Bxe4 Rb8 18. 0-0 cxd4 19. Bd5 Qf6 20. Nxf8 Kxf8 21. Bc6 Rd8 22. b4 g5 23. Rfe1 Kg7 24. Bxd7 Qg6 25. Bc6 Rc8 26. Be4 f5 27. Bd3 Rce8 28. Be5+ Kf8 29. Rad1 h5 30. Bxa6 h4 31. d7 Rd8 32. Bxd4 g4 33. hxg4 fxg4 34. Qxe6 Qxe6 35. Rxe6 Rxd7 36. Rxb6 Kf7 37. Bc4+ 1-0